Normal view
MARC view
- Ahmad, Uzair
Entry Personal Name
001 - CONTROL NUMBER
- control field: 130473
003 - CONTROL NUMBER IDENTIFIER
- control field: NUST
005 - DATE AND TIME OF LATEST TRANSACTION
- control field: 20250918105715.0
008 - FIXED-LENGTH DATA ELEMENTS
- fixed length control field: 250918|| aca||aabn | a|a d
040 ## - CATALOGING SOURCE
- Original cataloging agency: NUST
- Transcribing agency: NUST
100 ## - HEADING--PERSONAL NAME
- Personal name: Ahmad, Uzair
670 ## - SOURCE DATA FOUND
- Source citation: Work cat.: (NUST): Ahmad, Uzair , Investigation of Filler Material and Process Parameters on TIG welded AISI304 Austenitic Stainless Steel and AISI430 Ferritic Chromium Stainless Steel /
